2000s Decade Bands (Sudden Death) - Statistics

General Stats
  • This quiz has been taken 54 times
    40 since last reset
  • The average score is 20 of 33
Answers on the Grid
Answers color-coded by a green-red scale on the quiz's grid according to % correct below.
U2
Blur
Muse
Pixies
Geese
MGMT
Weezer
Nirvana
Interpol
Gorillaz
Slipknot
Coldplay
Metallica
No Doubt
Ramones
Pearl Jam
Paramore
Pink Floyd
The Police
Green Day
The Killers
Radiohead
Linkin Park
The Smiths
Arcade Fire
The Beatles
The Strokes
Fall Out Boy
Foo Fighters
Led Zeppelin
Evanescence
Soundgarden
Talking Heads
Nine Inch Nails
The Mars Volta
Arctic Monkeys
The Black Keys
Greta Van Fleet
Franz Ferdinand
Imagine Dragons
The Stone Roses
The White Stripes
System of a Down
Smashing Pumpkins
Red Hot Chili Peppers
My Chemical Romance
Queens of the Stone Age
King Gizzard & the Lizard Wizard
 
Answer Stats
Answer % Correct
Coldplay
85%
Gorillaz
85%
Green Day
82%
Linkin Park
79%
The Killers
76%
Arctic Monkeys
73%
Paramore
73%
Radiohead
73%
The White Stripes
73%
Weezer
73%
MGMT
70%
Slipknot
70%
U2
70%
Foo Fighters
67%
Fall Out Boy
64%
Franz Ferdinand
64%
Evanescence
61%
Muse
61%
My Chemical Romance
58%
Nine Inch Nails
58%
Red Hot Chili Peppers
55%
System of a Down
55%
Blur
52%
Metallica
52%
The Strokes
52%
The Black Keys
48%
Arcade Fire
45%
Queens of the Stone Age
42%
Interpol
39%
No Doubt
36%
Smashing Pumpkins
33%
Pearl Jam
27%
The Mars Volta
24%
No matching quizzes found
Score Distribution
Percent of People with Each Score
Percentile by Number Answered
Your Score History
You have not taken this quiz since the last reset